Compendio de la obra del Ilmo. Señor Don Juan Bautista Massillon, presbytero de la Congregacion del Oratorio, uno de los quarenta de la Academia Francesa, y obispo de Clermont / traducidos al español por el P. D. Pedro Diaz de Guereñu, de la Congregacion de Clerigos Reglares de San Cayetano

Detalles Bibliográficos
Autor principal: Massillon, Jean Baptiste, obispo de Clermont, 1663-1742
Otros Autores: Díaz de Guereñu, Pedro, tr, Marín, Pedro, fl. 1772-1799, ed
Formato: Libro
Lenguaje:Spanish
Publicado: Con privilegio para toda la obra: en Madrid : en la oficina de Pedro Marin. Se hallará en la libreria de Juan de Llera, plazuela del Angel, junto à la neveria, y en la porteria de San Cayetano, 1775.
Materias:
Colección:Banco de datos
Acervo:Universidad Autónoma Benito Juárez de Oaxaca. Biblioteca Francisco de Burgoa. Colección antigua
Descripción Física:11 t. ; 4°
Tema general:Homilética
Notas:Portada tipográfica con viñeta y plecas en grabado xilográfico. Texto a renglón seguido con paginación en números arábigos, reclamos y signaturas. Incluye cabecera de título con motivos arabescos en grabado xilográfico. Incluye capitular con motivos florales en grabado xilográfico. Tomo con portada y numeración propias. Año del t. 11 publicado en 1775. Paginación: t. 11 [2] h., 312 p. Falta encuadernación. Marca de fuego: Casa del Noviciado de la Compañía de Jesús de Oaxaca, Oax. Marca de fuego: Convento de San Francisco de Oaxaca, Oax. Daños por polilla
LEADER 01838nam a22002050004500
035 |a 2344 
041 0 |a spa 
100 1 |a Massillon, Jean Baptiste, obispo de Clermont, 1663-1742 
245 1 0 |a Compendio de la obra del Ilmo. Señor Don Juan Bautista Massillon, presbytero de la Congregacion del Oratorio, uno de los quarenta de la Academia Francesa, y obispo de Clermont / traducidos al español por el P. D. Pedro Diaz de Guereñu, de la Congregacion de Clerigos Reglares de San Cayetano  
260 |a Con privilegio para toda la obra: en Madrid : en la oficina de Pedro Marin. Se hallará en la libreria de Juan de Llera, plazuela del Angel, junto à la neveria, y en la porteria de San Cayetano, 1775. 
300 |a 11 t. ; 4° 
500 |a Portada tipográfica con viñeta y plecas en grabado xilográfico. Texto a renglón seguido con paginación en números arábigos, reclamos y signaturas. Incluye cabecera de título con motivos arabescos en grabado xilográfico. Incluye capitular con motivos florales en grabado xilográfico. Tomo con portada y numeración propias. Año del t. 11 publicado en 1775. Paginación: t. 11 [2] h., 312 p. Falta encuadernación. Marca de fuego: Casa del Noviciado de la Compañía de Jesús de Oaxaca, Oax. Marca de fuego: Convento de San Francisco de Oaxaca, Oax. Daños por polilla  
504 |a Al principio del t. 11 están el índice alfabético de los diferentes pensamientos y la fe de erratas 
650 1 0 |a Homilética 
700 1 |a Díaz de Guereñu, Pedro, tr. 
700 1 |a Marín, Pedro, fl. 1772-1799, ed.  
852 |a Universidad Autónoma "Benito Juárez" de Oaxaca, Biblioteca Francisco de Burgoa, Colección antigua t. 11 (5703) 
942 |c BURANT 
943 |g Universidad Autónoma Benito Juárez de Oaxaca. Biblioteca Francisco de Burgoa. Colección antigua 
999 |c 1113355  |d 1113355